000
00326 a2200145 4500
001
176439
020
_a
040
_c
Magnum
100
_a
Piffer, Osvaldo
240
1
0
_a
Estudando as paisagens/8 serie
_l
por
245
1
0
_a
Estudando as paisagens/8 serie
362
0
_a
1899
697
_a
MAGNITO: PARADIDATICO
942
_c
BK
999
_c
176439
_d
176439